Catálogo
 En Linea

Ciencias de la naturaleza : (Registro nro. 46748)

Detalles MARC
000 -CABECERA
campo de control de longitud fija 00784nam a2200205 a 4500
001 - NÚMERO DE CONTROL
campo de control 000047260
005 - FECHA Y HORA DE LA ÚLTIMA TRANSACCIÓN
campo de control 20201002053507.0
008 - DATOS DE LONGITUD FIJA--INFORMACIÓN GENERAL
campo de control de longitud fija 180417s2015 dr abc 000 0 spa d
020 ## - NÚMERO INTERNACIONAL ESTÁNDAR DEL LIBRO
Número Internacional Estándar del Libro 9789944123272 (v.1)
040 ## - FUENTE DE LA CATALOGACIÓN
Centro catalogador/agencia de origen DO-SdBNP
Lengua de catalogación spa
Centro/agencia transcriptor BNPHU
082 ## - NÚMERO DE LA CLASIFICACIÓN DECIMAL DEWEY
Número de clasificación xx
Número de documento/Ítem xx
100 1# - ENTRADA PRINCIPAL--NOMBRE DE PERSONA
Nombre de persona Reyes Báez, Yanett
9 (RLIN) 74890
245 10 - MENCIÓN DE TÍTULO
Título Ciencias de la naturaleza :
Resto del título guía didáctica y soluciolucionario 1-2-3-4-5-6 ; primaria /
Mención de responsabilidad, etc. Yanett Reyes Báez ; dirección Milagros del Pilar Rubio Muñoz.
260 ## - PUBLICACIÓN, DISTRIBUCIÓN, ETC.
Lugar de publicación, distribución, etc. Santo Domingo :
Nombre del editor, distribuidor, etc. Susaeta,
Fecha de publicación, distribución, etc. 2015.
300 ## - DESCRIPCIÓN FÍSICA
Extensión v. :
Otras características físicas il. ;
Dimensiones 29 cm.
505 0# - NOTA DE CONTENIDO CON FORMATO
Información miscelánea v.
Título Guía didáctica y solucionario primario :
590 ## - NOTA LOCAL (RLIN)
Nota local Inventariado, 2018/VM
700 1# - PUNTO DE ACCESO ADICIONAL--NOMBRE DE PERSONA
Nombre de persona Rubio Muñoz, Milagros del Pilar
Término indicativo de función/relación dir.
9 (RLIN) 74969
710 2# - PUNTO DE ACCESO ADICIONAL--NOMBRE DE ENTIDAD CORPORATIVA
Nombre de entidad corporativa o nombre de jurisdicción como elemento de entrada Susaeta Ediciones (República Dominicana)
9 (RLIN) 74970
Existencias
Estado de retiro Estado de pérdida No para préstamo Código de colección Localización permanente Ubicación/localización actual Ubicación en estantería Fecha de adquisición Número de inventario Total de préstamos Signatura topográfica completa Código de barras Fecha visto por última vez Precio válido a partir de Tipo de ítem Koha
    Excluido de préstamo Patrimonio Dominicano General General Depósito 25.04.2018 LF1   v. 1, e. 3 47260-30 25.06.2020 25.06.2020 Libro y Folleto Colección Patrimonio Dominicano
    Excluido de préstamo Patrimonio Dominicano Patrimonio Dominicano Patrimonio Dominicano Depósito 25.04.2018 LF1   v. 1 47260-10 25.06.2020 25.06.2020 Libro y Folleto Colección Patrimonio Dominicano
    Excluido de préstamo Patrimonio Dominicano Patrimonio Dominicano Patrimonio Dominicano Depósito 25.04.2018 LF1   v. 1, e. 2 47260-20 25.06.2020 25.06.2020 Libro y Folleto Colección Patrimonio Dominicano

Con tecnología Koha